00683 2200253 4500001002100000005001700021008004100038020001800079035002400097090001900121245006800140250001100208260004700219300002300266650002400289700002300313850001200336980001500348985000600363999001500369999001500384999001500399999001500414YOGYA-0209000000220320090227020518.0 ind  a0-02-897225-2 0010-020900000002203 a540.3bMaclRQ aMACMILLAN encyclopaedia of chemistryceditor Joseph J. Lagowski aCet. 1 aNew YorkbSimon & Schuster Macmillanc1997 a4 volbilusc29 cm aKimia - Ensiklopedi aLagowski, Joseph J aYOPDYOG a03-01-2005 a4 a04B0002183 a04B0002184 a04B0002185 a04B0002186